| 000 | 01201nam0a22002411 4500 | ||
|---|---|---|---|
| 001 | rc\841132 | ||
| 005 | 20041129092247.2 | ||
| 035 | _a(NLR Aleph) 006022464 | ||
| 090 |
_a7442365 _c7442365 |
||
| 100 | _a20041129d1983 u |0rusy50 ca | ||
| 101 | 0 | _arus | |
| 102 | _aRU | ||
| 105 | _ay ||||||||| | ||
| 200 | 1 |
_aМетодические рекомендации по анализу деятельности подрядных организаций Главмосстроя в условиях планирования, финансирования и оценки деятельности по товарной строительной продукции _f...НИИ. "НИИмосстрой", Лаб. экономики стр-ва _g[Отв. исполн. Купершмидт А.Ц., к. э. н. Семенова М.Ф.] |
|
| 210 |
_aМ. _cМосоргстрой _d1983 |
||
| 215 |
_a44 с. _d29 |
||
| 702 | 1 |
_aКупершмидт _bА. И. _4570 |
|
| 712 | 0 | 2 | _aМосковское главное упр. по жилищному и гражданскому строительству |
| 801 | 0 |
_aRU _bNLR _gpsbo |
|
| 801 | 1 |
_aRU _bELAR _2rusmarc |
|
| 852 |
_aNLR _j84-8/839 |
||
| 942 | _cBOOK | ||
| 980 | _aNB | ||